• 首页
  • 本馆介绍
  • 公告通知
  • 最新文献
  • 馆藏检索
  • 电子资源
  • 读者导购
  • 参考咨询
  • 我的图书馆
  • 登录
  • 详细信息显示
  • 放入我的书架
  • 预约/预借图书
  • 作者相关作品
  • 分类相关作品
  • 丛书相关作品
  • 出版社相关作品

书目信息

  • 表格格式
  • 工作单格式
  • 卡片格式
题名:
声学的量和单位
    
 
作者: 徐唯义 编
分册:  
出版信息: 北京   计量出版社  1983.5
页数: 29页
开本: 18cm
丛书名: 量和单位丛书
单 册:
中图分类: TB95
科图分类:
主题词: 声学--计量
电子资源:
ISBN:
000 00560nam0 2200205 45
001 0181011468
005 20051228154613.18
010    @dCNY0.18
100    @a20810111d km y0chiy0120 ea
101 0  @achi
200 1  @a声学的量和单位@Asheng xue de liang he dan wei@f徐唯义编@Fxu wei yi bian
210    @a北京@c计量出版社@d1983.5
215    @a29页@d18cm
225    @a量和单位丛书@h9
410    @12001 @a量和单位丛书
606 0  @a声学@x计量
690    @aTB95
701 0  @a徐唯义@Axu wei yi@4编
801    @aCN@bTSTC@c20051228
905    @dTB95@e39@f3@b101459-61
    
    声学的量和单位/徐唯义编.-北京:计量出版社,1983.5
    29页;18cm.-(量和单位丛书.9)
    
    
    ISBN :CNY0.18
    
●
相关链接 在E读中查询图书 在五车中查询图书 在当当中查询图书 在豆瓣中查询图书


正题名:声学的量和单位     索取号:TB95/39         预约/预借

序号 登录号 条形码 馆藏地/架位号 状态 备注
1 0101459   001362180   第三借阅区/ [索取号:TB95/39] 在馆    
2 0101460   001362224   第三借阅区/ [索取号:TB95/39] 在馆    
3 0101461   202181860   密集书库/ [索取号:TB95/39] 在馆    
唐山师范学院图书馆 欢迎您!
大连网信软件有限公司© 版权所有